[Event "NED-ch U14 op"]
[Site "Borne"]
[Date "2019.08.08"]
[Round "6"]
[White "Oskam, Julian"]
[Black "De Keukelaere, Wouter"]
[Result "0-1"]
[WhiteElo "1197"]
[BlackElo "1240"]
[PlyCount "99"]
[EventDate "2019.08.05"]
[EventType "swiss"]
[EventRounds "9"]
[EventCountry "NED"]
[SourceTitle "EXT 2020"]
[Source "ChessBase"]
[SourceDate "2019.10.17"]
[SourceVersion "1"]
[SourceVersionDate "2019.10.17"]
[SourceQuality "1"]

1. e4 c6 2. Nc3 d5 3. exd5 cxd5 4. d4 Nc6 5. g3 Bf5 6. a3 e6 7. Nge2 Bd6 8. Bg2 Nf6 9. 0-0 0-0 10. h3 h6 11. Re1 a6 12. Rb1 Qc7 13. Bf4 Rfe8 14. Bxd6 Qxd6 15. Qd2 Rad8 16. Nf4 b5 17. b4 Rc8 18. Rb2 Re7 19. Na2 Rec7 20. c3 Ne4 21. Bxe4 Bxe4 22. Ne2 e5 23. Nac1 Qf6 24. f4 exd4 25. cxd4 g5 26. Nd3 Nxd4 27. Nxd4 Qxd4+ 28. Nf2 Qb6 29. fxg5 Rc2 30. Rxc2 Rxc2 31. Qf4 Qd4 32. gxh6 Qb2 33. Rxe4 dxe4 34. Qg5+ Kh8 35. h7 Qc1+ 36. Qxc1 Rxc1+ 37. Kg2 Rc2 38. Kf1 Rc1+ 39. Ke2 Rc2+ 40. Ke3 f5 41. h4 Rc3+ 42. Kd4 e3 43. Nd3 Rxa3 44. Kxe3 Kxh7 45. Kd4 a5 46. bxa5 Rxa5 47. Ke5 b4+ 48. Kf4 b3 49. Kg5 Ra2 50. Kxf5 0-1